00631 a2200169 4500020001500000040001300015100001800028245006500046260005100111300003200162440003200194650001600226650001700242650001900259856009100278856009200369 a3540229884 aDLCbDLC1 aLee, Kwang H.10aFirst course on fuzzy theory and applicationscKwang H. Lee. aBerlin ;aNew York :bSpringer-Verlag,cc2005. ax, 335 p. :bill. ;c24 cm. 0aAdvances in soft computing, 0aFuzzy sets. 0aFuzzy logic. 0aFuzzy systems.423Publisher descriptionuhttp://www.loc.gov/catdir/enhancements/fy0814/2004112297-d.html423Table of contents onlyuhttp://www.loc.gov/catdir/enhancements/fy0814/2004112297-t.html